[Event "GER-CupT 2122 prel6"]
[Site "Bensheim"]
[Date "2022.03.26"]
[Round "1.2"]
[White "Kleibel, Uwe"]
[Black "Lamby, Philipp"]
[Result "1-0"]
[WhiteElo "2190"]
[BlackElo "2140"]
[PlyCount "89"]
[EventDate "2022.03.26"]
[EventType "team-k.o."]
[EventRounds "2"]
[EventCountry "GER"]
[SourceTitle "EXT 2023"]
[Source "ChessBase"]
[SourceDate "2022.10.05"]
[SourceVersion "1"]
[SourceVersionDate "2022.10.05"]
[SourceQuality "1"]
[WhiteTeam "Regensburg Bavaria"]
[BlackTeam "Aachen SV"]
[WhiteTeamCountry "GER"]
[BlackTeamCountry "GER"]

1. d4 Nf6 2. c4 e6 3. Nf3 d5 4. Nc3 Bb4 5. cxd5 exd5 6. Bg5 h6 7. Bh4 c5 8. dxc5 Nc6 9. e3 g5 10. Bg3 Ne4 11. Nd2 Nxg3 12. hxg3 Bxc5 13. Nb3 Bb4 14. a3 Bxc3+ 15. bxc3 Bf5 16. Bd3 Qf6 17. Bxf5 Qxf5 18. Nd4 Qd7 19. Nxc6 Qxc6 20. Qd4 0-0 21. f4 Rfe8 22. fxg5 Re4 23. Rxh6 Rxd4 24. Rxc6 Rg4 25. Rc7 Re8 26. Kf2 Rxg5 27. Rxb7 Rf5+ 28. Ke2 Rfe5 29. Rxa7 Rxe3+ 30. Kf2 Re2+ 31. Kg1 R8e3 32. Kh2 Rf2 33. Rd7 Rf5 34. a4 Rh5+ 35. Kg1 Rxc3 36. a5 Rc8 37. a6 Rh8 38. a7 Kg7 39. Rxd5 Ra8 40. Rd7 Kg6 41. Ra6+ f6 42. Rb7 Rhe8 43. Kf2 Rac8 44. Ra2 Rc5 45. g4 1-0

[Event "Bundesliga 2122"]
[Site "Germany"]
[Date "2022.03.06"]
[Round "2.8"]
[White "Lamby, Philipp"]
[Black "Rogozenco, Dorian"]
[Result "1/2-1/2"]
[WhiteElo "2140"]
[BlackElo "2448"]
[PlyCount "58"]
[EventDate "2022.03.05"]
[EventType "team-tourn"]
[EventRounds "15"]
[EventCountry "GER"]
[SourceTitle "EXT 2023"]
[Source "ChessBase"]
[SourceDate "2022.10.05"]
[SourceVersion "1"]
[SourceVersionDate "2022.10.05"]
[SourceQuality "1"]
[WhiteTeam "Aachen"]
[BlackTeam "Hamburger SK"]
[WhiteTeamCountry "GER"]
[BlackTeamCountry "GER"]

1. e4 c5 2. c3 d5 3. exd5 Qxd5 4. d4 Nf6 5. Nf3 e6 6. Bd3 Nc6 7. 0-0 Be7 8. Be3 0-0 9. c4 Qd7 10. Ne5 Qc7 11. Nxc6 Qxc6 12. dxc5 Bxc5 13. Bxc5 Qxc5 14. Nc3 e5 15. Qc2 Be6 16. b3 h6 17. Bf5 Bxf5 18. Qxf5 Rad8 19. Rfe1 Rfe8 20. Rad1 Qa5 21. Ne4 Nxe4 22. Qxe4 Qxa2 23. Rxd8 Rxd8 24. Qxb7 Qe2 25. Rf1 Rd1 26. Qc8+ Kh7 27. Qf5+ Kg8 28. Qc8+ Kh7 29. Qf5+ Kg8 1/2-1/2

[Event "Bundesliga 2122"]
[Site "Germany"]
[Date "2022.03.05"]
[Round "1.8"]
[White "Barseghyan, Armen Ar"]
[Black "Lamby, Philipp"]
[Result "1-0"]
[WhiteElo "2348"]
[BlackElo "2140"]
[PlyCount "45"]
[EventDate "2022.03.05"]
[EventType "team-tourn"]
[EventRounds "15"]
[EventCountry "GER"]
[SourceTitle "EXT 2023"]
[Source "ChessBase"]
[SourceDate "2022.10.05"]
[SourceVersion "1"]
[SourceVersionDate "2022.10.05"]
[SourceQuality "1"]
[WhiteTeam "Kiel Turm"]
[BlackTeam "Aachen"]
[WhiteTeamCountry "GER"]
[BlackTeamCountry "GER"]

1. d4 Nf6 2. c4 e6 3. Nf3 d5 4. Nc3 Bb4 5. cxd5 exd5 6. Bf4 0-0 7. e3 c5 8. dxc5 Ne4 9. Rc1 Bxc3+ 10. bxc3 Nxc5 11. Nd4 Nc6 12. Be2 Nxd4 13. cxd4 Qa5+ 14. Qd2 Qxd2+ 15. Kxd2 Ne4+ 16. Ke1 g5 17. Be5 f6 18. Bc7 g4 19. f3 gxf3 20. gxf3 Ng5 21. Rg1 Kf7 22. f4 Nh3 23. Bh5+ 1-0

[Event "Bundesliga 1920"]
[Site "Germany"]
[Date "2021.10.14"]
[Round "10.40"]
[White "Milov, Vadim"]
[Black "Lamby, Philipp"]
[Result "1-0"]
[WhiteElo "2607"]
[BlackElo "2129"]
[PlyCount "79"]
[EventDate "2019.11.23"]
[EventType "team-tourn"]
[EventRounds "15"]
[EventCountry "GER"]
[SourceTitle "EXT 2022"]
[Source "ChessBase"]
[SourceDate "2021.10.06"]
[SourceVersion "1"]
[SourceVersionDate "2021.10.06"]
[SourceQuality "1"]
[WhiteTeam "Baden-Baden"]
[BlackTeam "Aachen"]
[WhiteTeamCountry "GER"]
[BlackTeamCountry "GER"]

1. d4 Nf6 2. Bg5 e6 3. e4 h6 4. Bxf6 Qxf6 5. c3 d6 6. Bd3 Nc6 7. Ne2 e5 8. 0-0 g5 9. Na3 Bg7 10. Nc2 h5 11. Ne3 Ne7 12. Qc2 Bd7 13. a4 h4 14. f3 Ng6 15. Qb3 Rb8 16. Nd5 Qd8 17. Rad1 c6 18. Ne3 Nf4 19. Bc4 Qe7 20. Ng4 c5 21. Nxf4 gxf4 22. dxc5 dxc5 23. Bb5 Bxb5 24. Qxb5+ Kf8 25. Rd7 Qe6 26. Rxb7 Rxb7 27. Qxb7 Qb6 28. Qd5 c4+ 29. Kh1 Qc7 30. b4 cxb3 31. Qxb3 Ke7 32. Rd1 Rc8 33. Rd3 Qc4 34. Qd1 Rc7 35. h3 Rb7 36. Kh2 Rc7 37. Rd8 Qc6 38. Rg8 Rd7 39. Qb3 Bf6 40. Nh6 1-0

[Event "Bundesliga 1920 final"]
[Site "Karlsruhe"]
[Date "2020.09.16"]
[Round "1.8"]
[White "Rudolf, Henrik"]
[Black "Lamby, Philipp"]
[Result "1/2-1/2"]
[WhiteElo "2295"]
[BlackElo "2130"]
[PlyCount "68"]
[EventDate "2020.09.16"]
[EventType "team-tourn"]
[EventRounds "7"]
[EventCountry "GER"]
[SourceTitle "CBM 198 Extra"]
[Source "ChessBase"]
[SourceDate "2020.11.30"]
[SourceVersion "1"]
[SourceVersionDate "2020.11.30"]
[SourceQuality "1"]
[WhiteTeam "Berlin SF"]
[BlackTeam "Aachen"]
[WhiteTeamCountry "GER"]
[BlackTeamCountry "GER"]

1. e4 e5 2. Nf3 Nc6 3. Bb5 a6 4. Ba4 Nf6 5. d3 b5 6. Bb3 Bc5 7. 0-0 d6 8. c3 Bb6 9. Re1 h6 10. h3 0-0 11. a4 Bd7 12. Nbd2 Ne7 13. Nf1 Ng6 14. Ng3 Qc8 15. d4 Bxh3 16. gxh3 Qxh3 17. Qd3 exd4 18. cxd4 Ne5 19. Nxe5 dxe5 20. Qf1 Qxf1+ 21. Kxf1 exd4 22. e5 Nh7 23. axb5 axb5 24. Rxa8 Rxa8 25. e6 fxe6 26. Rxe6 Kh8 27. Kg2 d3 28. Ne4 Ba5 29. Bf4 Nf8 30. Rc6 Re8 31. f3 Kh7 32. Ra6 Bb6 33. Bd2 Ne6 34. Ra1 Nd4 1/2-1/2

[Event "Mittelrhein Regionalliga 1718"]
[Site "Nordrheinwestfalen"]
[Date "2018.04.15"]
[Round "8.2"]
[White "Roski, Ferdinand"]
[Black "Lamby, Philipp"]
[Result "0-1"]
[WhiteElo "2081"]
[BlackElo "2168"]
[PlyCount "104"]
[EventDate "2017.09.10"]
[EventType "team-tourn"]
[EventRounds "9"]
[EventCountry "GER"]
[SourceTitle "EXT 2022"]
[Source "ChessBase"]
[SourceDate "2021.10.06"]
[SourceVersion "1"]
[SourceVersionDate "2021.10.06"]
[SourceQuality "1"]
[WhiteTeam "Godesberg II"]
[BlackTeam "Aachen SV II"]
[WhiteTeamCountry "GER"]
[BlackTeamCountry "GER"]

1. Nf3 d5 2. g3 Bg4 3. Bg2 Nd7 4. 0-0 Ngf6 5. d3 e5 6. Re1 Bd6 7. c4 c6 8. cxd5 Nxd5 9. h3 Bh5 10. Nc3 N7f6 11. e4 Nxc3 12. bxc3 0-0 13. Qb3 Qc7 14. Rb1 b6 15. Nh4 Rfe8 16. d4 Nd7 17. g4 Bg6 18. Nxg6 hxg6 19. Be3 Rac8 20. Rbd1 Nf6 21. f3 c5 22. dxe5 Bxe5 23. Bf1 Bf4 24. Bf2 Bg3 25. Qc2 Red8 26. Bc4 Qf4 27. Kg2 Bxf2 28. Qxf2 Nd7 29. Qd2 Qxd2+ 30. Rxd2 Ne5 31. Bd5 g5 32. Red1 Kf8 33. Kf2 Ke7 34. a4 Rd6 35. Bb7 Rcd8 36. Rd5 Rxd5 37. exd5 Kd6 38. Ba6 Ng6 39. Kg3 Re8 40. Bd3 Nf4 41. h4 Re3 42. Ba6 f6 43. hxg5 fxg5 44. Rh1 Nxd5 45. Rh5 Nxc3 46. Kf2 Re5 47. Rh7 Re7 48. Rh5 Nxa4 49. Rxg5 Nb2 50. Rh5 c4 51. f4 Nd3+ 52. Kf3 Ne1+ 0-1

[Event "GER Cup 1617 final"]
[Site "Niederhausen"]
[Date "2017.06.15"]
[Round "2.2"]
[White "Lamby, Philipp"]
[Black "Carow, Johannes"]
[Result "0-1"]
[WhiteElo "2209"]
[BlackElo "2435"]
[PlyCount "50"]
[EventDate "2017.06.15"]
[EventType "swiss"]
[EventRounds "5"]
[EventCountry "GER"]
[SourceTitle "EXT 2019"]
[Source "ChessBase"]
[SourceDate "2018.10.10"]
[SourceVersion "1"]
[SourceVersionDate "2018.10.10"]
[SourceQuality "1"]

1. e4 c5 2. d4 cxd4 3. c3 Nf6 4. e5 Nd5 5. Nf3 e6 6. cxd4 d6 7. Bc4 Nc6 8. 0-0 Be7 9. Qe2 0-0 10. Nc3 Nxc3 11. bxc3 dxe5 12. dxe5 Qc7 13. Qe4 Rd8 14. Ng5 g6 15. Qh4 h5 16. g4 Nxe5 17. Be2 f6 18. Ne4 f5 19. Nf6+ Bxf6 20. Qxf6 Rf8 21. Qg5 hxg4 22. Rd1 b6 23. Ba3 Bb7 24. Bxf8 Rxf8 25. Rd7 Qxd7 0-1

[Event "GER Cup 1617 final"]
[Site "Niederhausen"]
[Date "2017.06.15"]
[Round "1.2"]
[White "Seyfried, Claus"]
[Black "Lamby, Philipp"]
[Result "0-1"]
[WhiteElo "2136"]
[BlackElo "2209"]
[PlyCount "114"]
[EventDate "2017.06.15"]
[EventType "swiss"]
[EventRounds "5"]
[EventCountry "GER"]
[SourceTitle "EXT 2019"]
[Source "ChessBase"]
[SourceDate "2018.10.10"]
[SourceVersion "1"]
[SourceVersionDate "2018.10.10"]
[SourceQuality "1"]

1. e4 e5 2. Nf3 Nc6 3. d4 exd4 4. Nxd4 Nf6 5. Nc3 Nxe4 6. Nxe4 Qe7 7. Be2 Qxe4 8. Nb5 Bb4+ 9. c3 Ba5 10. 0-0 0-0 11. Bd3 Qh4 12. Re1 d5 13. Qf3 a6 14. Na3 Be6 15. Bf4 Rad8 16. b4 Bb6 17. b5 axb5 18. Nxb5 Rd7 19. h3 Ra8 20. Bg3 Qg5 21. Bf4 Qh4 22. Bg3 Qf6 23. Qh5 g6 24. Qh6 Ra4 25. Bc2 Ra5 26. a4 d4 27. cxd4 Nxd4 28. Be5 Qxf2+ 29. Kxf2 Nf5+ 30. Bd4 Nxh6 31. Bxb6 cxb6 32. Rad1 Rxd1 33. Rxd1 Nf5 34. g4 Ne7 35. Nd6 Ra7 36. Ne8 Nc6 37. Nc7 Ra5 38. Nxe6 fxe6 39. Rd7 Rd5 40. Rxd5 exd5 41. Bb3 Ne7 42. Ke3 Kf7 43. Kf4 Kf6 44. g5+ Ke6 45. h4 Nf5 46. h5 Ne7 47. Bd1 gxh5 48. Bxh5 Ng6+ 49. Kf3 Ke5 50. Bg4 Nh4+ 51. Ke2 Nf5 52. Kf3 Nd4+ 53. Kg3 Ne6 54. Kh4 Nc5 55. Bd1 Kf4 56. Bg4 Ne4 57. Be6 d4 0-1

[Event "Mittelrhein Regionalliga 16/17"]
[Site "Nordrheinwestfalen"]
[Date "2016.12.18"]
[Round "5.3"]
[White "Lamby, Philipp"]
[Black "Noiroux, Kevin"]
[Result "1-0"]
[WhiteElo "2242"]
[BlackElo "2143"]
[PlyCount "85"]
[EventDate "2016.09.11"]
[EventType "team-tourn"]
[EventRounds "11"]
[EventCountry "GER"]
[SourceTitle "EXT 2022"]
[Source "ChessBase"]
[SourceDate "2021.10.06"]
[SourceVersion "1"]
[SourceVersionDate "2021.10.06"]
[SourceQuality "1"]
[WhiteTeam "Aachen SV II"]
[BlackTeam "Aachen DJK Aufwärts III"]
[WhiteTeamCountry "GER"]
[BlackTeamCountry "GER"]

1. d4 e6 2. e4 d5 3. Nc3 Nf6 4. Bg5 Bb4 5. e5 h6 6. Be3 Ne4 7. Qg4 g5 8. a3 Bxc3+ 9. bxc3 b6 10. h4 h5 11. hxg5 hxg4 12. Rxh8+ Ke7 13. Rxd8 Kxd8 14. c4 Ba6 15. cxd5 exd5 16. Bxa6 Nxa6 17. Ne2 c5 18. c3 cxd4 19. cxd4 Rc8 20. Rc1 Rxc1+ 21. Bxc1 g3 22. f3 Nf2 23. Nxg3 Nd3+ 24. Kd2 Nf4 25. Nf5 Nb8 26. g3 Ne6 27. Kd3 Nc6 28. Be3 Nc7 29. Nd6 Ke7 30. g4 Kf8 31. f4 Kg7 32. f5 b5 33. e6 f6 34. gxf6+ Kxf6 35. g5+ Ke7 36. Bf4 b4 37. axb4 Nxb4+ 38. Kc3 Nc6 39. Nc8+ Kd8 40. Nxa7 Nxa7 41. Bxc7+ Kxc7 42. g6 Nb5+ 43. Kd3 1-0

[Event "Mittelrhein Regionalliga 16/17"]
[Site "Nordrheinwestfalen"]
[Date "2016.09.11"]
[Round "1.4"]
[White "Lamby, Philipp"]
[Black "Kewes, Gerd"]
[Result "1-0"]
[WhiteElo "2228"]
[BlackElo "2011"]
[PlyCount "91"]
[EventDate "2016.09.11"]
[EventType "team-tourn"]
[EventRounds "11"]
[EventCountry "GER"]
[SourceTitle "EXT 2022"]
[Source "ChessBase"]
[SourceDate "2021.10.06"]
[SourceVersion "1"]
[SourceVersionDate "2021.10.06"]
[SourceQuality "1"]
[WhiteTeam "Aachen SV II"]
[BlackTeam "Koeln SF II"]
[WhiteTeamCountry "GER"]
[BlackTeamCountry "GER"]

1. d4 Nf6 2. c4 c5 3. d5 e6 4. Nc3 exd5 5. cxd5 d6 6. e4 g6 7. f4 Bg7 8. Bb5+ Nfd7 9. a4 Qh4+ 10. g3 Qd8 11. Nf3 a6 12. Bc4 0-0 13. 0-0 Nb6 14. Bd3 Bg4 15. a5 Nc8 16. Kg2 b5 17. axb6 Nxb6 18. h3 Bxf3+ 19. Qxf3 c4 20. Bc2 N8d7 21. Be3 Qc7 22. Qf2 Nc8 23. Ba4 Ne7 24. Bd4 Bxd4 25. Qxd4 Qc5 26. Rfd1 Qxd4 27. Rxd4 Nb6 28. Bc6 Rac8 29. Rxa6 Rb8 30. Ra7 Nec8 31. Rc7 Rd8 32. Rd1 Kf8 33. Ra1 Ne7 34. Raa7 Nbc8 35. Rab7 Rxb7 36. Rxb7 h5 37. Rb4 Na7 38. Rxc4 Rb8 39. b4 Nec8 40. b5 Nb6 41. Rd4 Ke7 42. e5 Rd8 43. exd6+ Kxd6 44. Ne4+ Ke7 45. d6+ Kf8 46. d7 1-0

[Event "Mittelrhein Verbandsliga-W 15/16"]
[Site "Nordrheinwestfalen"]
[Date "2016.01.31"]
[Round "7.1"]
[White "Lamby, Philipp"]
[Black "Statz, Samuel"]
[Result "1-0"]
[WhiteElo "2225"]
[BlackElo "1941"]
[PlyCount "51"]
[EventDate "2015.09.06"]
[EventType "team-tourn"]
[EventRounds "11"]
[EventCountry "GER"]
[SourceTitle "EXT 2022"]
[Source "ChessBase"]
[SourceDate "2021.10.06"]
[SourceVersion "1"]
[SourceVersionDate "2021.10.06"]
[SourceQuality "1"]
[WhiteTeam "Aachen SV II"]
[BlackTeam "Erftstadt SV"]
[WhiteTeamCountry "GER"]
[BlackTeamCountry "GER"]

1. e4 e5 2. Nf3 Nc6 3. Bb5 Bb4 4. 0-0 Nge7 5. Nc3 0-0 6. Nd5 Nxd5 7. exd5 Nd4 8. Nxd4 exd4 9. Qg4 Bc5 10. b4 Bb6 11. d6 Qf6 12. a4 c6 13. a5 Bd8 14. Bd3 Qxd6 15. Ba3 Bc7 16. Qh4 g6 17. f4 Bd8 18. Qh6 Bf6 19. f5 Bg7 20. Qh4 Qf6 21. Qxf6 Bxf6 22. b5 Bg7 23. Bxf8 Bxf8 24. Rae1 d6 25. Re8 d5 26. fxg6 1-0

[Event "Mittelrhein Verbandsliga-W 15/16"]
[Site "Nordrheinwestfalen"]
[Date "2015.11.15"]
[Round "4.1"]
[White "Meirick, Ingo"]
[Black "Lamby, Philipp"]
[Result "1/2-1/2"]
[WhiteElo "2154"]
[BlackElo "2203"]
[PlyCount "54"]
[EventDate "2015.09.06"]
[EventType "team-tourn"]
[EventRounds "11"]
[EventCountry "GER"]
[SourceTitle "EXT 2022"]
[Source "ChessBase"]
[SourceDate "2021.10.06"]
[SourceVersion "1"]
[SourceVersionDate "2021.10.06"]
[SourceQuality "1"]
[WhiteTeam "Herzogenrath"]
[BlackTeam "Aachen SV II"]
[WhiteTeamCountry "GER"]
[BlackTeamCountry "GER"]

1. Nf3 d5 2. d4 Nf6 3. c4 e6 4. g3 dxc4 5. Bg2 a6 6. 0-0 Nc6 7. e3 Bd7 8. a4 Bd6 9. Nc3 Rb8 10. Qe2 b5 11. Rd1 0-0 12. h3 e5 13. dxe5 Nxe5 14. Nxe5 Bxe5 15. f4 Bd6 16. e4 Bc5+ 17. Be3 Bxe3+ 18. Qxe3 b4 19. Ne2 Qe8 20. a5 Qe7 21. e5 Rfd8 22. Nd4 c5 23. Nc6 Bxc6 24. Bxc6 Ne8 25. Bd5 c3 26. bxc3 b3 27. Rab1 Nc7 1/2-1/2

[Event "NRW-ch"]
[Site "Emsdetten"]
[Date "2015.10.13"]
[Round "2"]
[White "Lamby, Philipp"]
[Black "Gelsok, Philipp"]
[Result "1-0"]
[WhiteElo "2195"]
[BlackElo "1892"]
[PlyCount "49"]
[EventDate "2015.10.??"]
[EventType "swiss"]
[EventRounds "7"]
[EventCountry "GER"]
[SourceTitle "EXT 2017"]
[Source "ChessBase"]
[SourceDate "2016.10.25"]
[SourceVersion "1"]
[SourceVersionDate "2016.10.25"]
[SourceQuality "1"]

1. e4 c5 2. d4 cxd4 3. c3 dxc3 4. Nxc3 Nc6 5. Nf3 a6 6. Bc4 d6 7. 0-0 Nf6 8. Bf4 e6 9. Qe2 Be7 10. Rfd1 Qc7 11. Rac1 0-0 12. Bb3 Qb8 13. e5 dxe5 14. Nxe5 Nxe5 15. Bxe5 Qa7 16. Na4 Nd7 17. Rxc8 Raxc8 18. Rxd7 Rfd8 19. Rxd8+ Rxd8 20. Qg4 Bf8 21. h4 b5 22. Nc3 Qe7 23. Ne4 Kh8 24. Ng5 f6 25. Qh5 1-0